Les Régions de Runeterra (League of Legends) sur une Carte ! - Statistiques

Statistiques générales
  • Ce quiz a été pris 123 fois
  • Le résultat moyen est 10 sur 11
Réponses sur la Carte
Les réponses sont colorées sur une échelle allant du rouge au vert en fonction du pourcentage des utilisateurs qui les ont devinées à leur premier essai. Vous pouvez retrouver ces pourcentages ci-dessous.
 
Statistiques - réponses
Régions % Correct
Noxus
99%
Piltover
97%
Zaun
97%
Demacia
95%
Shurima
94%
Ionia
89%
Bilgewater
83%
Freljord
83%
Ixtal
76%
Les Îles Obscures
75%
Targon
66%
Aucun quiz correspondant
Distribution des résultats
% des personnes avec chaque résultat
Percentile par nombre de réponses
Votre historique - résultats
Vous n’avez pas pris ce quiz